[Event "Val Maubuee op"]
[Site "Val Maubuee"]
[Date "1988.??.??"]
[Round "?"]
[White "Bernier, JL."]
[Black "Smart, K."]
[Result "1/2-1/2"]
[WhiteElo "1770"]
[BlackElo "1920"]
[PlyCount "41"]
[EventDate "1988.??.??"]
[EventType "swiss"]
[EventRounds "9"]
[EventCountry "FRA"]
[SourceTitle "EXT 1997"]
[Source "ChessBase"]
[SourceDate "1996.11.15"]
[SourceVersion "1"]
[SourceVersionDate "1996.11.15"]
[SourceQuality "1"]

1. e4 e5 2. Nf3 Nc6 3. d4 exd4 4. Bc4 Nf6 5. 0-0 Bc5 6. e5 d5 7. exf6 dxc4 8. Re1+ Be6 9. Ng5 Qd5 10. Nc3 Qf5 11. Nce4 0-0-0 12. g4 Qe5 13. fxg7 Rhg8 14. Nxe6 fxe6 15. Bh6 d3 16. c3 d2 17. Re2 Rd3 18. Nxc5 Qxc5 19. Rxe6 Ne5 20. Rf6 Ng6 21. Qe2 1/2-1/2